UBT Library

Writing culture : (Record no. 220)

000 -LEADER
fixed length control field 00945cam a2200265 a 4500
005 - DATE AND TIME OF LATEST TRANSACTION
control field 20131030105423.0
008 - FIXED-LENGTH DATA ELEMENTS--GENERAL INFORMATION
fixed length control field 860501s1986 cau b s101 0 eng
020 ## - INTERNATIONAL STANDARD BOOK NUMBER
International Standard Book Number 0520056523
020 ## - INTERNATIONAL STANDARD BOOK NUMBER
International Standard Book Number 0520057295
041 0# - LANGUAGE CODE
Language code of text/sound track or separate title eng
080 ## - UNIVERSAL DECIMAL CLASSIFICATION NUMBER
Universal Decimal Classification number 316.75
245 00 - TITLE STATEMENT
Title Writing culture :
Statement of responsibility, etc edited by James Clifford and George E. Marcus.
260 ## -
-- Berkeley :
-- University of California Press,
-- c1986.
300 ## -
-- ix, 305 p. ;
-- 24 cm.
500 ## -
-- Preface : f. [VII]-IX
500 ## -
-- Seminar held in Santa Fe, N.M., April 1984.
500 ## -
-- Includes index.
504 ## - BIBLIOGRAPHY, ETC. NOTE
Bibliography, etc Bibliography: p. [267]-294.
650 #0 -
-- Etnologjia
-- Autorësia
-- Kongreset
650 #0 -
-- Etnologjia
-- Metodologji
-- Kongreset
700 1# -
-- Clifford, James,
-- 1945-
700 1# -
-- Marcus, George E.
710 2# -
-- School of American Research (Santa Fe, N.M.)
942 ## - ADDED ENTRY ELEMENTS (KOHA)
Source of classification or shelving scheme
Item type Books
Holdings
Withdrawn status Lost status Source of classification or shelving scheme Damaged status Not for loan Collection code Permanent location Current location Shelving location Date acquired Total Checkouts Full call number Barcode Date last seen Price effective from Koha item type
          Koleksioni i përgjithshem UBT - Lipjan UBT - Lipjan Koleksioni i përgjithshem 06/08/2017   32 CLI 002-290391 06/08/2017 06/08/2017 Books
UBT Library © 2015-2024. All rights reserved University Education for Business and Technology